[Event "NRW Class1 1516"]
[Site "Germany"]
[Date "2016.03.06"]
[Round "7.8"]
[White "Brueggemann, Josef"]
[Black "Geisler, Reinhard"]
[Result "1/2-1/2"]
[WhiteElo "1984"]
[BlackElo "1741"]
[PlyCount "69"]
[EventDate "2015.09.27"]
[EventType "team-tourn"]
[EventRounds "9"]
[EventCountry "GER"]
[SourceTitle "EXT 2017"]
[Source "ChessBase"]
[SourceDate "2016.10.25"]
[SourceVersion "1"]
[SourceVersionDate "2016.10.25"]
[SourceQuality "1"]
[WhiteTeam "Duisburg"]
[BlackTeam "Werther"]
[WhiteTeamCountry "GER"]
[BlackTeamCountry "GER"]

1. e4 e6 2. d3 d5 3. Nd2 Nf6 4. Ngf3 Nc6 5. e5 Nd7 6. d4 f6 7. Bd3 Nb4 8. Bb5 c5 9. c3 Nc6 10. 0-0 cxd4 11. Nxd4 Nxd4 12. cxd4 f5 13. Nf3 Be7 14. Bd2 0-0 15. Rc1 a6 16. Bd3 Nb8 17. Qb3 Nc6 18. Rc2 g5 19. Bc3 g4 20. Nd2 b5 21. a3 Qb6 22. Rfc1 Bd7 23. Nf1 f4 24. Rd2 Rac8 25. Qd1 f3 26. Ne3 h5 27. Bg6 Be8 28. Bxe8 Rcxe8 29. h3 Bg5 30. hxg4 Bxe3 31. fxe3 hxg4 32. Rf2 Qd8 33. gxf3 gxf3 34. Rxf3 Qg5+ 35. Kf2 1/2-1/2

[Event "Oberliga NRW 1415"]
[Site "Germany"]
[Date "2014.09.14"]
[Round "1.8"]
[White "Brueggemann, Josef"]
[Black "Cebulla, Konstantin"]
[Result "1-0"]
[WhiteElo "1971"]
[BlackElo "2054"]
[PlyCount "103"]
[EventDate "2014.09.14"]
[EventType "team-tourn"]
[EventRounds "9"]
[EventCountry "GER"]
[SourceTitle "EXT 2017"]
[Source "ChessBase"]
[SourceDate "2016.10.25"]
[SourceVersion "1"]
[SourceVersionDate "2016.10.25"]
[SourceQuality "1"]
[WhiteTeam "Duisburg PSV"]
[BlackTeam "Dinslaken"]
[WhiteTeamCountry "GER"]
[BlackTeamCountry "GER"]

1. e4 e6 2. d4 d5 3. exd5 exd5 4. Bd3 c5 5. dxc5 Bxc5 6. Nc3 Nc6 7. Nf3 Bg4 8. h3 Bh5 9. 0-0 Nge7 10. Bf4 f6 11. g4 Bg6 12. Re1 0-0 13. Bg3 a6 14. Qe2 Bxd3 15. Qxd3 Qd7 16. Rad1 Rad8 17. a3 Kh8 18. Ne4 Ba7 19. c4 d4 20. b4 Ng6 21. Bd6 Rfe8 22. c5 Nge5 23. Nxe5 Nxe5 24. Bxe5 fxe5 25. Nd6 Re7 26. Qe4 Bb8 27. Rxd4 exd4 28. Qxe7 Qxe7 29. Rxe7 Bxd6 30. cxd6 Kg8 31. Rxb7 Rxd6 32. Kf1 d3 33. Ke1 d2+ 34. Kd1 Rd3 35. a4 Ra3 36. a5 Ra2 37. Rb6 Rb2 38. Rxa6 Rxb4 39. Rb6 Ra4 40. a6 Ra2 41. f4 Kf7 42. Rb7+ Kf6 43. a7 h6 44. Rd7 Kg6 45. h4 h5 46. gxh5+ Kxh5 47. Rxg7 Kxh4 48. f5 Kh5 49. f6 Kh6 50. Ke2 Ra6 51. Kxd2 Rxf6 52. Rg8 1-0

[Event "Oberliga NRW 8788 II"]
[Site "Germany"]
[Date "1988.??.??"]
[Round "7"]
[White "Deppe, Arne"]
[Black "Brueggemann, Josef"]
[Result "0-1"]
[WhiteElo "2100"]
[BlackElo "2060"]
[PlyCount "58"]
[EventDate "1987.10.??"]
[EventType "team"]
[EventRounds "9"]
[EventCountry "GER"]
[SourceTitle "EXT 1997"]
[Source "ChessBase"]
[SourceDate "1996.11.15"]
[SourceVersion "1"]
[SourceVersionDate "1996.11.15"]
[SourceQuality "1"]
[WhiteTeam "Frechen"]
[BlackTeam "Duisburg"]
[WhiteTeamCountry "GER"]
[BlackTeamCountry "GER"]

1. e4 e5 2. Nf3 Nc6 3. Bb5 a6 4. Ba4 d6 5. c3 Bd7 6. 0-0 Nge7 7. d4 Ng6 8. Re1 Be7 9. Nbd2 0-0 10. Nf1 f5 11. exf5 Rxf5 12. Bc2 Rf8 13. Be4 Bf6 14. Ng3 Rb8 15. Be3 Bg4 16. h3 Bxf3 17. Bxf3 Bg5 18. d5 Bxe3 19. dxc6 Ba7 20. cxb7 Qh4 21. Ne4 Kh8 22. g3 Qxh3 23. Bg2 Qf5 24. Re2 Ne7 25. Qa4 d5 26. Qxa6 Bb6 27. Qa3 dxe4 28. Qxe7 Bxf2+ 29. Kf1 Bc5+ 0-1

[Event "Oberliga NRW 8788 II"]
[Site "Germany"]
[Date "1987.??.??"]
[Round "7"]
[White "Klasmeier, Hartmut"]
[Black "Brueggemann, Josef"]
[Result "0-1"]
[WhiteElo "1965"]
[BlackElo "2060"]
[PlyCount "94"]
[EventDate "1987.10.??"]
[EventType "team"]
[EventRounds "9"]
[EventCountry "GER"]
[SourceTitle "EXT 1997"]
[Source "ChessBase"]
[SourceDate "1996.11.15"]
[SourceVersion "1"]
[SourceVersionDate "1996.11.15"]
[SourceQuality "1"]
[WhiteTeam "Essen Borbeck"]
[BlackTeam "Duisburg"]
[WhiteTeamCountry "GER"]
[BlackTeamCountry "GER"]

1. e4 e5 2. f4 Bc5 3. Nf3 d6 4. Bc4 Nc6 5. c3 Nf6 6. d3 h6 7. h3 0-0 8. a4 a5 9. g4 exf4 10. Bxf4 d5 11. exd5 Re8+ 12. Kd2 Nxd5 13. Bxd5 Qxd5 14. Kc2 Be6 15. Nbd2 Rad8 16. Qf1 Bd6 17. Bxd6 Qxd6 18. Ne4 Qf8 19. Rh2 Bd5 20. Ned2 Qd6 21. Re2 Be6 22. Re3 Bb3+ 23. Nxb3 Rxe3 24. Rd1 Qf4 25. Nbd4 Nxd4+ 26. Nxd4 Qxf1 27. Rxf1 Rxh3 28. Nf5 Rh2+ 29. Kb3 Rxd3 30. Ne7+ Kf8 31. Ng6+ Ke8 32. Re1+ Kd8 33. Ne5 Rdd2 34. Nxf7+ Kc8 35. Kc4 Rhe2 36. Rg1 Kd7 37. g5 h5 38. b4 Re4+ 39. Kb3 axb4 40. cxb4 Rd3+ 41. Kc2 Rf3 42. g6 Re2+ 43. Kd1 Rff2 44. Rh1 Ra2 45. Ne5+ Ke7 46. Nd3 Rfd2+ 47. Kc1 Rxd3 0-1

[Event "Oberliga NRW 8788 II"]
[Site "Germany"]
[Date "1987.??.??"]
[Round "8"]
[White "Weisshaupt, Rainer"]
[Black "Brueggemann, Josef"]
[Result "1-0"]
[WhiteElo "2055"]
[BlackElo "2060"]
[PlyCount "49"]
[EventDate "1987.10.??"]
[EventType "team"]
[EventRounds "9"]
[EventCountry "GER"]
[SourceTitle "EXT 1997"]
[Source "ChessBase"]
[SourceDate "1996.11.15"]
[SourceVersion "1"]
[SourceVersionDate "1996.11.15"]
[SourceQuality "1"]
[WhiteTeam "Monheim"]
[BlackTeam "Duisburg"]
[WhiteTeamCountry "GER"]
[BlackTeamCountry "GER"]

1. d4 d5 2. c4 dxc4 3. Nc3 e5 4. e3 exd4 5. exd4 Nf6 6. Bxc4 Be7 7. Nf3 0-0 8. 0-0 Bg4 9. Re1 Nbd7 10. Bf4 Nb6 11. Bb3 c6 12. h3 Bh5 13. g4 Bg6 14. Ne5 Bd6 15. Qf3 a5 16. a4 Bb4 17. h4 Bxc3 18. bxc3 Be4 19. Rxe4 Nxe4 20. Qxe4 Qxh4 21. Kg2 Rae8 22. Qf3 Qd8 23. Nxf7 Qe7 24. Nd6+ Nd5 25. Nxe8 1-0